000 00745nam a2200217Ia 4500
003 OSt
005 20260120150013.0
008 221004b |||||||| |||| 00| 0 hin d
037 _cTB
040 _aAL
_cAL
_bhin
041 _2hin
_ahin
084 _qAL
100 _aजमाली, सतीश
_9940349
245 0 _aसमकालीन हिन्दी आलोचना
246 _aSamakālīn hindī ālochanā
260 _aइलाहाबाद
_bनई कहानी प्रकाशन भारत
_c1979
300 _a193पृ0
_ccm.
650 _aहिन्दी साहित्य
_9940350
942 _hO152:gN5, L9
_cTB
_2CC
_n0
999 _c1009164
_d1009164